Communication System (Record no. 5073)

MARC details
000 -LEADER
fixed length control field 00397nam a22001697a 4500
005 - DATE AND TIME OF LATEST TRANSACTION
control field 20230118123813.0
008 - FIXED-LENGTH DATA ELEMENTS--GENERAL INFORMATION
fixed length control field 160701b xxu||||| |||| 00| 0 eng d
020 ## - INTERNATIONAL STANDARD BOOK NUMBER
ISBN 978-93-5014-359-9
041 ## - LANGUAGE CODE
Language code of text/sound track or separate title eng
082 ## - DEWEY DECIMAL CLASSIFICATION NUMBER
Item number 20401
100 ## - MAIN ENTRY--AUTHOR NAME
Personal name Sharna DR sanjay
245 ## - TITLE STATEMENT
Title Communication System
260 ## - PUBLICATION, DISTRIBUTION, ETC. (IMPRINT)
Name of publisher Katson
Year of publication 2014
300 ## - PHYSICAL DESCRIPTION
Number of Pages 1154
650 ## - SUBJECT ADDED ENTRY--TOPICAL TERM
Topical Term PHARMACY
General subdivision D.PHARMA
942 ## - ADDED ENTRY ELEMENTS (KOHA)
Koha item type Books
Holdings
Lost status Damaged status Home library Current library Shelving location Date acquired Cost, normal purchase price Full call number Accession Number Koha item type Collection code
    JRU Library   SHELF-35-F 01/07/2016 595.00 20401 20401 Books  
    JRU Library   SHELF-35-F 01/07/2016 595.00 20401 20402 Books  
    JRU Library   SHELF -72- H 16/09/2016 595.00 20401 21247 Books Reference
    JRU Library   SHELF-35-F 16/09/2016 595.00 20401 21248 Books